00543pab a2200157 454500008004000000100002100040245012300061260000900184300001300193362000800206650002500214773001100239909001100250999001900261952010500280180718b2015 xxu||||| |||| 00| 0 eng d aInamete, Ufot B. aThe academic discipline of management and the Bologna process: the impacts on the United States in a globalizing world c2015 ap.49-57. aMar aManagement education aVision a108403 c108398d108398 00104070aIIPAbIIPAd2018-07-19hVolume no: 19, Issue no: 1pAR108863r2018-07-19w2018-07-19yAR